|
|
|
|
| LEADER |
00000nab a2200000 a 4500 |
| 001 |
vtls010283048 |
| 003 |
SK-MaSNL |
| 005 |
20260305044706.0 |
| 008 |
171108c20110602xo drz 0 0slo |
| 038 |
|
|
|a KEVKJB
|
| 040 |
|
|
|a KEVKJB
|b slo
|c KEVKJB
|e AACR2
|
| 041 |
0 |
|
|a slo
|
| 044 |
|
|
|a xo
|c SK
|
| 080 |
|
|
|a 796.966
|2 2001
|
| 245 |
0 |
0 |
|a Namiesto "skleníka" na Kavečianskej Crows Arena
|b rekonštrukcia plánovaná na 1,2 milióna
|c Tomáš Tóth
|
| 300 |
|
|
|b Fotogr.
|
| 610 |
2 |
7 |
|a Zimný štadión, Kavečianska (Košice, Slovensko)
|x prestavba
|2 kevkjb
|9 1628145
|
| 650 |
0 |
7 |
|a Crows Arena (Košice, Slovensko)
|2 kevkjb
|9 1628126
|
| 650 |
0 |
7 |
|a ľadový hokej
|2 kevkjb
|9 3231
|
| 650 |
0 |
7 |
|a zimné štadióny
|2 kevkjb
|9 76138
|
| 651 |
|
7 |
|a Košice (Slovensko)
|2 kevkjb
|9 18694
|
| 773 |
0 |
|
|t Košický Korzár
|g Roč. XIV., č. 127 (2.6.2011), s. 24
|x 1335-4566
|
| 852 |
|
|
|a KEVKJB
|b KIS3GCP
|
| 999 |
|
|
|c 3360039
|d 3361969
|